عرض عادي
عرض مارك
- United States
دخول Geographic Name
001 - CONTROL NUMBER
- control field: 23007
003 - CONTROL NUMBER IDENTIFIER
- control field: AE-AdECS
005 - DATE AND TIME OF LATEST TRANSACTION
- control field: 20251119105202.0
008 - FIXED-LENGTH DATA ELEMENTS
- fixed length control field: 251119|| aca||aabn | a|a d
040 ## - CATALOGING SOURCE
- Original cataloging agency: AE-AdECS
- Transcribing agency: AE-AdECS
151 ## - HEADING--GEOGRAPHIC NAME
- Geographic name: United States
- General subdivision: Race relations
- General subdivision: History
- Chronological subdivision: 20th century
670 ## - SOURCE DATA FOUND
- Source citation: Work cat.: (AE-AdECS)293055: Henderson, Errol Anthony, author. 21046, The revolution will not be theorized :
